|
|
|
|
| LEADER |
00000nbm0a2200000 4500 |
| 001 |
125600 |
| 005 |
20231101215936.0 |
| 035 |
|
|
|a (RuTPU)RU\TPU\book\135906
|
| 090 |
|
|
|a 125600
|
| 100 |
|
|
|a 20071119j20071114k y0rusy50 ca
|
| 101 |
0 |
|
|a rus
|
| 102 |
|
|
|a RU
|
| 105 |
|
|
|a a m 001zy
|
| 200 |
1 |
|
|a Метод процессного управления предприятием на основе программных систем управления бизнес-процессами
|e диссертация на соискание ученой степени кандидата технических наук
|e спец. 05.13.01
|f И. Г. Озерова
|g Томский политехнический университет (ТПУ); науч. рук. Г. П. Цапко
|
| 210 |
|
|
|a Томск
|c [Б. и.]
|d 2007
|
| 215 |
|
|
|a 171 л.
|c ил.
|
| 229 |
|
|
|a Защита сост. 14.11.2007 г.
|
| 320 |
|
|
|a Библиогр.: с. 153-161 (130 назв.).
|
| 610 |
1 |
|
|a организация производства
|
| 610 |
1 |
|
|a предприятия
|
| 610 |
1 |
|
|a управление
|
| 610 |
1 |
|
|a процессный подход
|
| 610 |
1 |
|
|a бизнес-процессы
|
| 610 |
1 |
|
|a схемы
|
| 610 |
1 |
|
|a построение
|
| 610 |
1 |
|
|a CASE-модели
|
| 610 |
1 |
|
|a BPM-системы
|
| 610 |
1 |
|
|a разработка
|
| 610 |
1 |
|
|a жизненный цикл
|
| 610 |
1 |
|
|a сервисные центры
|
| 610 |
1 |
|
|a диссертации
|
| 675 |
|
|
|a 658.012.011.56:681.3(04)
|v 3
|
| 686 |
|
|
|a 05.13.01
|2 oksvnk
|
| 700 |
|
1 |
|a Озерова
|b И. Г.
|c доцент
|c кафедра автоматики и компьютерных систем Томского политехнического университета
|g Ирина Геннадьевна
|2 stltpush
|3 (RuTPU)RU\TPU\pers\25330
|9 11312
|
| 702 |
|
1 |
|a Цапко
|b Г. П.
|c специалист в области автоматики и компьютерных систем
|c профессор Томского политехнического университета, доктор технических наук
|f 1949-
|g Геннадий Павлович
|2 stltpush
|3 (RuTPU)RU\TPU\pers\22020
|4 727
|
| 712 |
0 |
2 |
|a Томский политехнический университет (ТПУ)
|z 1991-
|2 stltpush
|3 (RuTPU)RU\TPU\col\376
|
| 801 |
|
1 |
|a RU
|b 63413507
|c 20071119
|g PSBO
|
| 801 |
|
2 |
|a RU
|b 63413507
|c 20151211
|g PSBO
|
| 942 |
|
|
|c BK
|